01441nam a2200337Ia 4500001001200000003000800012006001900020007001500039008004100054010001700095020003600112020002600148040002100174035002100195050002800216082001200244245013000256260007500386300001700461490005700478504005100535533015200586650005800738650002800796655002900824700003100853700003000884710001700914830004600931856012600977ebr10370356CaPaEBRm u cr cn|||||||||091030s2010 ne sb 001 0 eng d z 2009046130 z9789027206718 (hb : alk. paper) z9789027288448 (ebook) aCaPaEBRcCaPaEBR a(OCoLC)61563141114aP299.G73bG72115 2010eb04a41522200aGradience, gradualness and grammaticalizationh[electronic resource] /cedited by Elizabeth Closs Traugott, Graeme Trousdale. aAmsterdam ;aPhiladelphia, Pa. :bJohn Benjamins Pub. Company,cc2010. aviii, 306 p.1 aTypological studies in language,x0167-7373 ;vv. 90 aIncludes bibliographical references and index. aElectronic reproduction.bPalo Alto, Calif. :cebrary,d2011.nAvailable via World Wide Web.nAccess may be limited to ebrary affiliated libraries. 0aGrammar, Comparative and generalxGrammaticalization. 0aGradience (Linguistics) 7aElectronic books.2local1 aTraugott, Elizabeth Closs.1 aTrousdale, Graeme,d1971-2 aebrary, Inc. 0aTypological studies in language ;vv. 90.40uhttp://site.ebrary.com/lib/rucke/Doc?id=10370356zAn electronic book accessible through the World Wide Web; click to view